000 00749nam a2200265Ia 4500
003 OSt
005 20221005062142.0
006 a|||||r|||| 00| 0
007 ta
008 221004b |||||||| |||| 00| 0 eng d
020 _a9780415299282 (hbk)
_c4022.15
024 _a107861
037 _b1140, 14/03/2011, Pioneer Books Distributors
_cTextual
040 _aCRL
_cCRL
_beng
041 _2eng
_aeng
082 _aS5v, N7;Q1
100 _aBristow Joseph
245 0 _aSexuality
250 _a2nd
260 _aLondon
_bRoutledge UK
_c2011
300 _axi,252p.
_ccm.
650 _aPSYCHOLOGY
942 _hS5v, N7;Q1
_cTEXL
_2cc
999 _c969262
_d969262